Normal view
MARC view
- Colegio de San Nicolás de Hidalgo (Morelia, Michoacán)
Entry Nombre Corporativo
001 - NÚMERO DE CONTROL
- campo de control: 5123
003 - IDENTIFICADOR DE NUMERO DE CONTROL
- campo de control: MX-MxUPN
005 - FECHA Y HORA DE LA ÜLTIMA TRANSACCIÓN
- campo de control: 20240705123815.0
008 - DATOS DE LONGITUD FIJA
- campo de control de longitud fija: 240705n| acnnnaabn | ana |d
035 ## - NÚMERO DE CONTROL
- Número de control: UPN10000005123
040 ## - FUENTE DE CATALOGACIÓN
- Agencia original de catalogación: MX-MxUPN
- Lenguaje de catalogación: spa
- Agencia transcribe: MX-MxUPN
110 2# - ENCABEZAMIENTO - NOMBRE CORPORATIVO
- Nombre corporativo o de jurisdicción como elemento de entrada : Colegio de San Nicolás de Hidalgo (Morelia, Michoacán)
410 2# - MENCIÓN DE REFERENCIA “VÉASE” – NOMBRE DE ENTIDAD CORPORATIVA
- Corporate name or jurisdiction name as entry element: Colegio Primitivo y Nacional de San Nicolás de Hidalgo (Morelia, Michoacán)
410 2# - MENCIÓN DE REFERENCIA “VÉASE” – NOMBRE DE ENTIDAD CORPORATIVA
- Corporate name or jurisdiction name as entry element: Primitivo y Nacional Colegio de San Nicolás Obispo (Morelia, Michoacán)
670 ## - FUENTE EN LA QUE SE LOCALIZARON DATOS
- Cita de la fuente : E/P
902 ## - CATALOGADOR
- Catalogador: LG/091096
